Probabilistic methods in the theory of numbers /
Guardado en:
| Autor Principal: | |
|---|---|
| Formato: | Libro |
| Idioma: | English Russian |
| Publicado: |
Providence, R.I. :
American Mathematical Society,
1964.
|
| Series: | Translations of mathematical monographs ;
v. 11 |
| Etiquetas: |
Agregar Etiqueta
Sin Etiquetas, Sea el primero en etiquetar este registro!
|
| LEADER | 00777cam a22002055 4500 | ||
|---|---|---|---|
| 001 | MAT.inmabb001829 | ||
| 008 | 840918s1964####riua#####b####000#0#eng#d | ||
| 005 | 20130227124127.0 | ||
| 245 | 1 | 0 | |a Probabilistic methods in the theory of numbers / |c by J. Kubilius ; [translated from the Russian by Gretchen Burgie and Susan Schuur]. |
| 260 | |a Providence, R.I. : |b American Mathematical Society, |c 1964. | ||
| 300 | |a xviii, 182 p. : |b il. ; |c 24 cm. | ||
| 440 | 0 | |a Translations of mathematical monographs ; |v v. 11 | |
| 504 | |a Bibliografía: p. 177-182. | ||
| 510 | 4 | |a MR, |c 28 #3956 | |
| 100 | 1 | |a Kubilius, Jonas. | |
| 240 | 1 | 0 | |a Veroiatnostnye metody v teorii chisel. |l English |
| 084 | |a 11Kxx |2 msc2000 | ||
| 010 | |a 63021549 | ||
| 041 | 1 | |a eng |h rus | |
| 859 | |h 11 |i K95 |p A-3293 |b BIB. MATEMATICA | ||
